Research Methods for Business Students (Record no. 33655)

MARC details
000 -LEADER
fixed length control field 00400nam a22001697a 4500
005 - DATE AND TIME OF LATEST TRANSACTION
control field 20231005114438.0
008 - FIXED-LENGTH DATA ELEMENTS--GENERAL INFORMATION
fixed length control field 230920b |||||||| |||| 00| 0 eng d
082 ## - DEWEY DECIMAL CLASSIFICATION NUMBER
Classification number 658.72
Item number SAU
100 ## - MAIN ENTRY--AUTHOR
Author Name Saunders,Mark
245 ## - TITLE STATEMENT
Title Research Methods for Business Students
250 ## - EDITION STATEMENT
Edition statement 5th ed.
300 ## - PHYSICAL DESCRIPTION
Pages 614
500 ## - GENERAL NOTE
General note Include Index
650 ## - SUBJECT ADDED ENTRY--TOPICAL TERM
Subject / Department Management
700 ## - ADDED ENTRY--PERSONAL NAME
Personal name Mark Saunders
952 ## - LOCATION AND ITEM INFORMATION (KOHA)
-- 0
-- 0
Holdings
Lost status Damaged status Collection code Permanent Location Current Location Shelving Location Date acquired Full Call Number Accession No./Barcode Date last seen item type
    Management Superior Information Resource Center (SIRC) Superior University- Main Campus Superior Information Resource Center (SIRC) Superior University- Main Campus Management 09/20/2023 658.72 SAU-R 20558 09/20/2023 BOOK

Powered by Koha